स्वस्थ दुनियाःनई तकनीक-नये प्रयोग / (Record no. 12959)

MARC details
000 -LEADER
fixed length control field 02952 a2200289 4500
008 - FIXED-LENGTH DATA ELEMENTS--GENERAL INFORMATION
fixed length control field 090601t xxu||||| |||| 00| 0 hin d
010 ## - LCCN (DPL NO)
LC control number B-291975-981
020 ## - INTERNATIONAL STANDARD BOOK NUMBER
International Standard Book Number 9788190552226
Terms of availability 200.00
035 ## - SYSTEM CONTROL NUMBER
System control number B-291975-981
037 ## - SOURCE OF ACQUISITION
Source of stock number/acquisition अमित पब्लिशिंग हाउस
040 ## - CATALOGING SOURCE
Original cataloging agency dpl
Language of cataloging HIN
082 ## - DEWEY DECIMAL CLASSIFICATION NUMBER
Classification number 613
100 ## - MAIN ENTRY--PERSONAL NAME
Personal name प्रमोद कुमार सिंह
245 ## - TITLE STATEMENT
Title स्वस्थ दुनियाःनई तकनीक-नये प्रयोग /
Statement of responsibility, etc प्रमोद कुमार सिंह
260 ## - PUBLICATION, DISTRIBUTION, ETC. (IMPRINT)
Place of publication, distribution, etc दिल्ली
Name of publisher, distributor, etc अमित पब्लिशिंग हाउस
Date of publication, distribution, etc 2008
270 ## - ADDRESS
Address एल-20/13 , प्रथम तल, गली नं5, शिवाजी मार्ग, करतार नगर
City दिल्ली
State or province दिल्ली
Postal code 110053
300 ## - PHYSICAL DESCRIPTION
Extent 184पृ
Dimensions 22 सेमी (सजिल्द)
942 ## - ADDED ENTRY ELEMENTS (KOHA)
Institution code [OBSOLETE] dpl
Item type Hindi Books
Call number prefix / प्रमोद
Source of classification or shelving scheme Dewey Decimal Classification
Classification part 613
Call number suffix प्रमोद
Holdings
Withdrawn status Lost status Source of classification or shelving scheme Damaged status Not for loan Collection code Home library Current library Date acquired Source of acquisition Cost, normal purchase price Total Checkouts Full call number Barcode Date last seen Copy number Cost, replacement price Koha item type Total Renewals
    Dewey Decimal Classification     Non-fiction Central Library Central Library 01/06/2009 अमित पब्लिशिंग हाउस/7/15.9.08/198/4.9.08/20.9.08 200.00 2 613 प्रमोद B-291975 31/07/2018 1 200.00 Hindi Books  
    Dewey Decimal Classification     Non-fiction Karol Bagh Karol Bagh 01/06/2009 अमित पब्लिशिंग हाउस/7/15.9.08/198/4.9.08/20.9.08 200.00   613 प्रमोद B-291980 01/06/2009 1 200.00 Hindi Books  
    Dewey Decimal Classification     Non-fiction Mobile Library Mobile Library 01/06/2009 अमित पब्लिशिंग हाउस/7/15.9.08/198/4.9.08/20.9.08 200.00   613 प्रमोद B-291976 01/06/2009 2 200.00 Hindi Books  
    Dewey Decimal Classification     Non-fiction Mobile Library Mobile Library 01/06/2009 अमित पब्लिशिंग हाउस/7/15.9.08/198/4.9.08/20.9.08 200.00   613 प्रमोद B-291977 01/06/2009 2 200.00 Hindi Books  
    Dewey Decimal Classification     Non-fiction Patel Nagar Patel Nagar 01/06/2009 अमित पब्लिशिंग हाउस/7/15.9.08/198/4.9.08/20.9.08 200.00   613 प्रमोद B-291978 01/06/2009 1 200.00 Hindi Books  
Withdrawn   Dewey Decimal Classification     Non-fiction Sarojini Nagar Sarojini Nagar 01/06/2009 अमित पब्लिशिंग हाउस/7/15.9.08/198/4.9.08/20.9.08 200.00 21 613 प्रमोद B-291979 19/04/2014 1 200.00 Hindi Books 1
    Dewey Decimal Classification     Non-fiction Shahdara Branch Shahdara Branch 01/06/2009 अमित पब्लिशिंग हाउस/7/15.9.08/198/4.9.08/20.9.08 200.00   613 प्रमोद B-291981 01/06/2009 1 200.00 Hindi Books  

© Delhi Public Library
Hit Counter
free hit counter